MARC

LEADER 00000nam0a2200000 4500
001 14393
005 20231030185649.0
010 |a 5160000860 
035 |a (RuTPU)RU\TPU\book\14486 
035 |a BOOK00014554 
090 |a 14393 
100 |a 20011209d1999 m y0rusy50 ca 
101 0 |a rus 
102 |a RU 
105 |a y j 000zy 
200 1 |a Экономика предприятия  |e учебник  |f Под ред. О. И. Волкова 
205 |a 2-е изд., перераб. и доп. 
210 |a Москва  |c Инфра-М  |d 1999 
215 |a 520 с. 
225 1 |a Высшее образование 
451 1 |0 (RuTPU)RU\TPU\book\22113  |y 5-16-000086-0  |t Экономика предприятия  |o учебник  |f Под ред. О. И. Волкова  |e 2-е изд., перераб. и доп.  |c М.  |n Инфра-М  |d 2000  |p 520 с.  |s Высшее образование 
610 1 |a экономика 
610 1 |a предприятия 
610 1 |a учебные пособия 
610 1 |a хозяйственные объединения 
610 1 |a финансы 
610 1 |a труд 
610 1 |a кадры 
610 1 |a предпринимательство 
610 1 |a товары 
610 1 |a товарообмен 
610 1 |a аренда 
610 1 |a лизинг 
610 1 |a управление 
610 1 |a планирование 
610 1 |a банкротство 
610 1 |a инвестиции 
610 1 |a проекты 
686 |a У9(2)29я73  |v LBC/SL-A  |2 rubbk 
702 1 |a Волков  |b О. И.  |g Ольгерд Иванович  |4 340 
801 0 |a RU  |b 63413507  |c 20011209  |g PSBO 
801 2 |a RU  |b 63413507  |c 20211015  |g PSBO 
900 |a Экономика 
942 |c BK